Australijskie zespoły muzyczne - Nagła śmierć - Statystyki

Ogólne statystyki
  • Ten quiz został rozwiązany 43 razy
  • Średni wynik to 5 z 16
Answers on the Grid
Answers color-coded by a green-red scale on the quiz's grid according to % correct below.
System of a Down
AD/DC
INXS
Celine Dion
Coldplay
Scorpions
Kylie Minogue
Suzanne Vega
Jet
Deep Purple
Twenty One Pilots
Wolfmother
Airbourne
Aerosmith
R.E.M.
Keith Urban
Sia
The Vines
Lorde
Midnight Oil
Men At Work
Panic! At The Disco
Kasabian
Crowded House
Moby
Nick Cave
The Easybeats
U2
Nickleback
Cold Chisel
Australian Crawl
Dave Matthews Band
 
Statystyki odpowiedzi
Odpowiedź % Poprawnych
AD/DC
89%
INXS
63%
Kylie Minogue
63%
Australian Crawl
37%
Men At Work
37%
Keith Urban
32%
Jet
26%
Nick Cave
26%
Crowded House
21%
Sia
21%
The Easybeats
21%
Airbourne
16%
Cold Chisel
16%
Wolfmother
16%
Midnight Oil
11%
The Vines
11%
Nie znaleziono quizów pasujących do podanych kryteriów
Rozkład punktacji
Procent ludzi z każdym wynikiem
Percentyl według liczby udzielonych odpowiedzi
Twoja historia wyników
Nie rozwiązałeś tego quizu